<?xml version="1.0" encoding="UTF-8"?>
<collection xmlns="http://www.loc.gov/MARC21/slim">
 <record>
  <leader>01387nam a22002297a 4500</leader>
  <controlfield tag="001">NCT_74597</controlfield>
  <controlfield tag="008">200220b        xxu||||| |||| 00| 0 vie d</controlfield>
  <datafield tag="999" ind1=" " ind2=" ">
   <subfield code="c">3636</subfield>
   <subfield code="d">3636</subfield>
  </datafield>
  <datafield tag="020" ind1=" " ind2=" ">
   <subfield code="a">9786046632061</subfield>
   <subfield code="c">480000</subfield>
  </datafield>
  <datafield tag="082" ind1="0" ind2="4">
   <subfield code="2">23rd ed.</subfield>
   <subfield code="a">612</subfield>
   <subfield code="b">Ng419</subfield>
  </datafield>
  <datafield tag="100" ind1="1" ind2=" ">
   <subfield code="a">Trần Văn Ngọc</subfield>
   <subfield code="e">Chủ biên</subfield>
  </datafield>
  <datafield tag="245" ind1="1" ind2="0">
   <subfield code="a">Sinh lý học y khoa</subfield>
   <subfield code="c">Chủ biên : Trần Văn Ngọc, Nguyễn Thị Lệ</subfield>
  </datafield>
  <datafield tag="250" ind1=" " ind2=" ">
   <subfield code="a">Tái bản lần thứ 1 có sữa chữa và bổ sung</subfield>
  </datafield>
  <datafield tag="260" ind1=" " ind2=" ">
   <subfield code="a">H.</subfield>
   <subfield code="b">Y học</subfield>
   <subfield code="c">2018</subfield>
  </datafield>
  <datafield tag="300" ind1=" " ind2=" ">
   <subfield code="a">643 tr.</subfield>
   <subfield code="b">hình vẽ</subfield>
   <subfield code="c">29cm</subfield>
  </datafield>
  <datafield tag="500" ind1=" " ind2=" ">
   <subfield code="a">ĐTTS ghi: Đại học Y dược thành phố Hồ Chí Minh. Bộ môn Sinh lý học</subfield>
  </datafield>
  <datafield tag="520" ind1="3" ind2=" ">
   <subfield code="a">Nội dung sách gồm sinh lý hệ máu, sinh lý hệ tuần hoàn, sinh lý hệ hô hấp, sinh lý hệ thận niệu, sinh lý hệ tiêu hóa - gan mật, sinh lý hệ nội tiết, ....  ➡️Chương 7: Sinh lý hệ sinh sản  ➡️Chương 8: Sinh lý hệ thần kinh cơ  ➡️Chương 9: Sinh lý hệ cảm giác</subfield>
  </datafield>
  <datafield tag="653" ind1=" " ind2=" ">
   <subfield code="a">Dược học</subfield>
  </datafield>
  <datafield tag="700" ind1="1" ind2=" ">
   <subfield code="a">Nguyễn Thị Lệ</subfield>
   <subfield code="e">Chủ biên</subfield>
  </datafield>
  <datafield tag="942" ind1=" " ind2=" ">
   <subfield code="2">ddc</subfield>
   <subfield code="c">BK</subfield>
  </datafield>
  <datafield tag="952" ind1=" " ind2=" ">
   <subfield code="0">0</subfield>
   <subfield code="1">0</subfield>
   <subfield code="2">ddc</subfield>
   <subfield code="4">0</subfield>
   <subfield code="6">612_000000000000000_NG419</subfield>
   <subfield code="7">0</subfield>
   <subfield code="9">18699</subfield>
   <subfield code="a">000001</subfield>
   <subfield code="b">000001</subfield>
   <subfield code="d">2020-02-20</subfield>
   <subfield code="o">612 Ng419</subfield>
   <subfield code="p">MD.16303</subfield>
   <subfield code="r">2020-02-20</subfield>
   <subfield code="v">480000.00</subfield>
   <subfield code="w">2020-02-20</subfield>
   <subfield code="y">BK</subfield>
  </datafield>
  <datafield tag="980" ind1=" " ind2=" ">
   <subfield code="a">Thư viện Trường Đại học Nam Cần Thơ</subfield>
  </datafield>
 </record>
</collection>
